ARRUPE JESUIT UNIVERSITY

CORONAVIRUS -STOP THE SPREAD - CLEAN,DISINFECT,COVER

The experience of science (Record no. 122771)

MARC details
000 -LEADER
fixed length control field 00512nam a22001577a 4500
008 - FIXED-LENGTH DATA ELEMENTS--GENERAL INFORMATION
fixed length control field 150427b xxu||||| |||| 00| 0 eng d
020 ## - INTERNATIONAL STANDARD BOOK NUMBER
International Standard Book Number 0306415380
050 ## - LIBRARY OF CONGRESS CALL NUMBER
Classification number Q160.2.G65 1984
100 ## - MAIN ENTRY--PERSONAL NAME
Personal name Goldstein, Martin
9 (RLIN) 17560
245 ## - TITLE STATEMENT
Title The experience of science
Remainder of title an interdisciplinary approach
Statement of responsibility, etc /by Martin Goldstein and Inge Goldstein
260 ## - PUBLICATION, DISTRIBUTION, ETC. (IMPRINT)
Place of publication, distribution, etc New York
Name of publisher, distributor, etc Plenum Press
Date of publication, distribution, etc 1984
300 ## - PHYSICAL DESCRIPTION
Extent xxiv,400p. ;
Dimensions 24cm.
650 ## - SUBJECT ADDED ENTRY--TOPICAL TERM
Topical term or geographic name as entry element Science
9 (RLIN) 2892
700 ## - ADDED ENTRY--PERSONAL NAME
Personal name Goldstein, Inge
9 (RLIN) 17561
942 ## - ADDED ENTRY ELEMENTS (KOHA)
Source of classification or shelving scheme Library of Congress Classification
Item type Monograph ( Printed materials)
Holdings
Withdrawn status Lost status Source of classification or shelving scheme Damaged status Not for loan Collection code Home library Current library Shelving location Date acquired Total Checkouts Full call number Barcode Date last seen Price effective from Koha item type
    Library of Congress Classification     Main Collection ARRUPE LIBRARY ARRUPE LIBRARY Main Collection 27/04/2015   Q160.2.G65 1984 46500004499 03/07/2019 27/04/2015 Monograph ( Printed materials)

 

Arrupe Library. PO Box MP320 Mt Pleasant, Harare, Zimbabwe
263 242 745411|librarian@aju.ac.zw